000 00490nam a2200181Ia 4500
008 151202s9999||||xx |||||||||||||| ||und||
082 _bPNVM-30560
100 _aदेव ल. ग.
245 _aप्रल्हाद.
260 _bआपटे आणि मंडळी.
260 _c1961
300 _a63
600 _aदेव ल. ग.
630 _aप्रल्हाद.
700 _aदेव ल. ग.
730 _aप्रल्हाद.
942 _cBOOK
999 _c1296522
_d1296519